[Event "CYCC U14"]
[Site "Ottawa CAN"]
[Date "2013.07.11"]
[Round "4"]
[White "Shi, Diwen"]
[Black "Graif, William"]
[Result "0-1"]
[WhiteElo "2030"]
[BlackElo "2096"]
[PlyCount "95"]
[GameId "2160767909334814"]
[EventDate "2013.07.10"]
[EventType "swiss"]
[EventRounds "6"]
[EventCountry "CAN"]
[SourceTitle "hb 2013"]

1. e4 c5 2. Nc3 Nc6 3. f4 g6 4. Nf3 Bg7 5. Bb5 Nd4 6. O-O e6 7. Kh1 Ne7 8. Nxd4 cxd4 9. Ne2 a6 10. Bd3 d6 11. Qe1 e5 12. f5 gxf5 13. exf5 f6 14. c3 d5 15. Bb1 dxc3 16. bxc3 Bd7 17. Qg3 O-O 18. Qh4 Bb5 19. d3 Qc8 20. Qh5 Bd7 21. d4 e4 22. Ba3 Rf7 23. Bxe7 Rxe7 24. a4 Qe8 25. Qxe8+ Rexe8 26. Ba2 Bc6 27. Nf4 Bd7 28. c4 Bxa4 29. Nxd5 Bc6 30. Rad1 Bxd5 31. cxd5 Bf8 32. Rde1 Bb4 33. Re2 e3 34. Rf4 Rad8 35. g4 b5 36. h4 a5 37. g5 Kg7 38. Kg2 Bd2 39. Kf3 a4 40. Kg4 b4 41. h5 b3 42. h6+ Kf7 43. g6+ Kg8 44. Bxb3 axb3 45. gxh7+ Kxh7 46. Kh5 b2 47. Re4 Rxe4 48. Re1 0-1

[Event "CYCC U14"]
[Site "Ottawa CAN"]
[Date "2013.07.11"]
[Round "4"]
[White "Wang, Edward"]
[Black "Michelashvili, Alexandre"]
[Result "0-1"]
[WhiteElo "1303"]
[BlackElo "1776"]
[PlyCount "47"]
[GameId "2160767909334815"]
[EventDate "2013.07.10"]
[EventType "swiss"]
[EventRounds "6"]
[EventCountry "CAN"]
[SourceTitle "hb 2013"]

1. d4 d5 2. c4 e6 3. Nd2 Nf6 4. g3 c6 5. Ngf3 Be7 6. Bg2 O-O 7. O-O Nbd7 8. Re1 Nb6 9. b3 Bb4 10. c5 Nbd7 11. a3 Ba5 12. b4 Bc7 13. e4 e5 14. Bb2 dxe4 15. Nxe4 Nxe4 16. Rxe4 Nf6 17. Re1 exd4 18. Qxd4 Qxd4 19. Bxd4 Be6 20. Bxf6 gxf6 21. Nd4 Rfe8 22. Nxe6 fxe6 23. Rad1 Re7 24. f4 0-1

[Event "CYCC U14"]
[Site "Ottawa CAN"]
[Date "2013.07.11"]
[Round "4"]
[White "Webster, Thomas"]
[Black "Mills, Kyle"]
[Result "0-1"]
[WhiteElo "1124"]
[BlackElo "665"]
[PlyCount "106"]
[GameId "2160767909334816"]
[EventDate "2013.07.10"]
[EventType "swiss"]
[EventRounds "6"]
[EventCountry "CAN"]
[SourceTitle "hb 2013"]

1. e4 Nc6 2. d4 e5 3. d5 Nd4 4. Nf3 Bb4+ 5. c3 Ba5 6. Bc4 c6 7. dxc6 dxc6 8. O-O b5 9. Bb3 Bg4 10. cxd4 c5 11. Nxe5 Bxd1 12. Rxd1 f6 13. Nf7 Qd7 14. dxc5 Rd8 15. Rxd7 Rxd7 16. Nxh8 Nh6 17. g3 Ng4 18. Nc3 Bb4 19. Be3 Nxe3 20. fxe3 Bxc5 21. Nxb5 Bxe3+ 22. Kg2 Rd2+ 23. Kh3 g5 24. Nc7+ Kd7 25. Rf1 Bf2 26. Nd5 Kd6 27. Nf7+ Ke6 28. Nc3+ Ke7 29. Nd5+ Kxf7 30. Nc7+ Kg6 31. Ne6 Be3 32. g4 h5 33. gxh5+ Kxh5 34. Bd1+ g4+ 35. Bxg4+ Kg6 36. Rg1 Bxg1 37. b4 Rxh2+ 38. Kg3 Rxa2 39. Nf4+ Kg5 40. Ne6+ Kh6 41. Kf4 Rf2+ 42. Kg3 Rb2 43. Kf4 Rb3 44. Kf5 Rxb4 45. Bf3 a5 46. Kxf6 Bd4+ 47. Nxd4 Rxd4 48. e5 Rf4+ 49. Ke7 Rxf3 50. e6 Rb3 51. Kf7 Rb7+ 52. Kf6 Rg7 53. e7 Rxe7 0-1

[Event "CYCC U14"]
[Site "Ottawa CAN"]
[Date "2013.07.11"]
[Round "4"]
[White "Yang, Ryan2"]
[Black "Cheung, Lukas"]
[Result "0-1"]
[WhiteElo "1866"]
[BlackElo "1496"]
[PlyCount "68"]
[GameId "2160767909334817"]
[EventDate "2013.07.10"]
[EventType "swiss"]
[EventRounds "6"]
[EventCountry "CAN"]
[SourceTitle "hb 2013"]

1. e4 Nf6 2. e5 Nd5 3. d4 d6 4. c4 Nb6 5. Nf3 Bg4 6. exd6 cxd6 7. Nc3 Nc6 8. Be3 g6 9. h3 Bxf3 10. Qxf3 Bg7 11. Rd1 O-O 12. h4 f5 13. c5 f4 14. cxb6 fxe3 15. Qd5+ Kh8 16. fxe3 Qxb6 17. Qb5 Qc7 18. h5 Rf5 19. Qc4 gxh5 20. d5 Qb6 21. Be2 Qxb2 22. Na4 Qb4+ 23. Qxb4 Nxb4 24. Bxh5 b5 25. Bg6 Rg5 26. Bxh7 bxa4 27. g4 Bc3+ 28. Ke2 Kg7 29. Bf5 Nxa2 30. Rh7+ Kf6 31. Rdh1 Rxf5 32. gxf5 Kxf5 33. Rxe7 Kf6 34. Rf1+ Kxe7 0-1

[Event "CYCC U14"]
[Site "Ottawa CAN"]
[Date "2013.07.11"]
[Round "4"]
[White "Yu, Robin"]
[Black "Xi, Jason"]
[Result "1-0"]
[WhiteElo "1751"]
[BlackElo "1293"]
[PlyCount "63"]
[GameId "2160767909334818"]
[EventDate "2013.07.10"]
[EventType "swiss"]
[EventRounds "6"]
[EventCountry "CAN"]
[SourceTitle "hb 2013"]

1. d4 Nf6 2. c4 d6 3. Nc3 g6 4. e4 Nbd7 5. Be2 Bg7 6. Be3 O-O 7. h4 h5 8. Qd2 c5 9. d5 Ne5 10. f3 Rb8 11. Nh3 a6 12. O-O-O Bd7 13. Rdg1 b5 14. Nf2 Qc8 15. g4 hxg4 16. f4 Nxc4 17. Bxc4 bxc4 18. h5 Nxh5 19. f5 g3 20. Rxh5 gxf2 21. Bxf2 Qb7 22. Rh2 Be8 23. Rhg2 a5 24. Be1 a4 25. a3 e6 26. Rh1 exf5 27. exf5 Qd7 28. f6 Bxf6 29. Qh6 Bg5+ 30. Rxg5 f5 31. Qh8+ Kf7 32. Rh7# 1-0

[Event "CYCC U14"]
[Site "Ottawa CAN"]
[Date "2013.07.11"]
[Round "4"]
[White "Zhang, Jeff"]
[Black "Lin, Alex"]
[Result "0-1"]
[WhiteElo "1500"]
[BlackElo "1809"]
[PlyCount "76"]
[GameId "2160767909334819"]
[EventDate "2013.07.10"]
[EventType "swiss"]
[EventRounds "6"]
[EventCountry "CAN"]
[SourceTitle "EXT 2022"]
[Source "ChessBase"]
[SourceDate "2021.10.06"]
[SourceVersion "1"]
[SourceVersionDate "2021.10.06"]
[SourceQuality "1"]

1. e4 e5 2. Nf3 Nc6 3. Bc4 Nf6 4. Ng5 d5 5. exd5 b5 6. Bxb5 Qxd5 7. Bxc6+ Qxc6 8. O-O h6 9. Nf3 e4 10. Re1 Be7 11. Qe2 O-O 12. Nd4 Qd5 13. Qe3 Bc5 14. c3 Re8 15. h3 Ba6 16. b4 Bb6 17. a4 Rad8 18. Bb2 c5 19. bxc5 Bxc5 20. Na3 Bd3 21. Nab5 Bxb5 22. axb5 Bxd4 23. Qxd4 Qxb5 24. c4 Qb8 25. Qc3 Rd3 26. Qc2 Qf4 27. Re3 Red8 28. Bc3 R8d7 29. Ra6 h5 30. Rc6 h4 31. Ra6 Kh7 32. Rc6 Nh5 33. Rc5 f5 34. Ra5 Qg5 35. Rxd3 Rxd3 36. Rxa7 Rd6 37. Qb2 Rg6 38. c5 Qxg2# 0-1

[Event "CYCC U14"]
[Site "Ottawa CAN"]
[Date "2013.07.11"]
[Round "4"]
[White "Zhong, Joey"]
[Black "Kuttner, Simon"]
[Result "1-0"]
[WhiteElo "2033"]
[BlackElo "1877"]
[PlyCount "47"]
[GameId "2160767909334820"]
[EventDate "2013.07.10"]
[EventType "swiss"]
[EventRounds "6"]
[EventCountry "CAN"]
[SourceTitle "hb 2013"]

1. e4 c5 2. Nf3 Nc6 3. Nc3 g6 4. d4 cxd4 5. Nxd4 Bg7 6. Be3 Nf6 7. Nb3 O-O 8. Be2 d6 9. f4 Bd7 10. g4 Qc8 11. g5 Ne8 12. Qd2 Bh3 13. Nd4 Nxd4 14. Bxd4 Bxd4 15. Qxd4 Nc7 16. O-O-O Bg4 17. Bxg4 Qxg4 18. Qe3 Qe6 19. Rhe1 Rfe8 20. Kb1 b6 21. h4 f5 22. Qd4 Qf7 23. exf5 Qxf5 24. Qc4+ 1-0

[Event "CYCC U14"]
[Site "Ottawa CAN"]
[Date "2013.07.12"]
[Round "5"]
[White "Baskaran, Karthik"]
[Black "Colvin, Andrew"]
[Result "1-0"]
[WhiteElo "1368"]
[BlackElo "1043"]
[PlyCount "67"]
[GameId "2160767909334822"]
[EventDate "2013.07.10"]
[EventType "swiss"]
[EventRounds "6"]
[EventCountry "CAN"]
[SourceTitle "hb 2013"]

1. e4 e5 2. Nf3 Nf6 3. Nc3 Nc6 4. Bc4 h6 5. d3 Bb4 6. Bd2 a6 7. a3 Bc5 8. h3 d6 9. Be3 Bxe3 10. fxe3 Bd7 11. O-O O-O 12. d4 exd4 13. exd4 Qc8 14. e5 dxe5 15. Nxe5 Nxe5 16. dxe5 Ne8 17. Ne4 c6 18. Nc5 Bxh3 19. gxh3 Qxh3 20. Qf3 Qxf3 21. Rxf3 Nc7 22. Nd7 Rfd8 23. Rxf7 Kh8 24. Nb6 Rab8 25. Rxc7 Rd2 26. Bd3 Rf8 27. Rc8 Rxc8 28. Nxc8 g5 29. e6 Kg8 30. Rf1 Kg7 31. e7 b5 32. e8=Q c5 33. Qg6+ Kh8 34. Qh7# 1-0

[Event "CYCC U14"]
[Site "Ottawa CAN"]
[Date "2013.07.12"]
[Round "5"]
[White "Belec, Eric"]
[Black "Lee, Stefano"]
[Result "0-1"]
[WhiteElo "748"]
[BlackElo "954"]
[PlyCount "80"]
[GameId "2160767909334823"]
[EventDate "2013.07.10"]
[EventType "swiss"]
[EventRounds "6"]
[EventCountry "CAN"]
[SourceTitle "hb 2013"]

1. c4 c6 2. Nc3 d5 3. d3 Nf6 4. Nf3 Bg4 5. h3 Bf5 6. e3 e6 7. d4 Bb4 8. Bd3 Bxd3 9. Qxd3 Bxc3+ 10. bxc3 O-O 11. O-O Ne4 12. Ba3 Re8 13. Rab1 Qa5 14. Bb4 Qxa2 15. Bc5 b6 16. Bb4 a5 17. Ne5 Qd2 18. Ba3 Qxd3 19. Nxd3 Nd2 20. Rxb6 Nxf1 21. Kxf1 dxc4 22. Nc5 Ra7 23. Nb7 Nd7 24. Rxc6 Rxb7 25. f3 Rb3 26. Bd6 Ra8 27. Rc7 Nf8 28. Kf2 a4 29. Kg3 a3 30. Kf4 a2 31. d5 a1=Q 32. Kg5 exd5 33. Kh4 Qxc3 34. g3 Qf6+ 35. Kg4 Rxe3 36. Bf4 Qe6+ 37. Kg5 h6+ 38. Kh5 Qg6+ 39. Kh4 Qf6+ 40. Bg5 Qxg5# 0-1

[Event "CYCC U14"]
[Site "Ottawa CAN"]
[Date "2013.07.12"]
[Round "5"]
[White "Cheung, Darren"]
[Black "Li, Michael"]
[Result "0-1"]
[WhiteElo "1210"]
[BlackElo "1946"]
[PlyCount "92"]
[GameId "2160767909334825"]
[EventDate "2013.07.10"]
[EventType "swiss"]
[EventRounds "6"]
[EventCountry "CAN"]
[SourceTitle "hb 2013"]

1. e4 e5 2. f4 d5 3. exd5 exf4 4. Nf3 Nf6 5. d4 Nxd5 6. Bc4 Nb6 7. Bb3 Be7 8. Bxf4 O-O 9. c3 Bd6 10. Ne5 Bxe5 11. Bxe5 Qh4+ 12. g3 Qe4+ 13. Kd2 Bg4 14. Qe1 Qg2+ 15. Kc1 Nc6 16. Qf1 Qe4 17. Nd2 Qg6 18. Bc2 Qe6 19. Qd3 g6 20. Bb3 Nxe5 21. dxe5 Qxe5 22. h4 Bf5 23. Qf3 h5 24. Rg1 Rad8 25. Bc2 Qc5 26. Rf1 Qd6 27. Nb3 Bg4 28. Qf4 Qxf4+ 29. Rxf4 Rfe8 30. Rf1 Nc4 31. Nd4 c5 32. Bb3 Ne5 33. Nb5 c4 34. Bc2 Nd3+ 35. Kb1 Re3 36. a3 Ne1 37. Nd4 Nxc2 38. Nxc2 Rxg3 39. Ka2 Rd2 40. Nd4 Rxc3 41. Rac1 Rxc1 42. Rxc1 Rxd4 43. b3 Rd2+ 44. Kb1 cxb3 45. Rc8+ Bxc8 46. Kc1 Ra2 0-1

[Event "CYCC U14"]
[Site "Ottawa CAN"]
[Date "2013.07.12"]
[Round "5"]
[White "Cheung, Lukas"]
[Black "Saha, Ananda"]
[Result "0-1"]
[WhiteElo "1496"]
[BlackElo "1816"]
[PlyCount "62"]
[GameId "2160767909334826"]
[EventDate "2013.07.10"]
[EventType "swiss"]
[EventRounds "6"]
[EventCountry "CAN"]
[SourceTitle "hb 2013"]

1. d4 d5 2. c4 e6 3. Nc3 Nf6 4. Nf3 Be7 5. Bf4 O-O 6. h3 b6 7. a3 Bb7 8. b4 a5 9. c5 bxc5 10. bxc5 Ba6 11. Qa4 Ne4 12. Qxa5 Nc6 13. Qa4 Nxc3 14. Qxc6 Qb8 15. Rc1 Qb2 16. Bd2 Na2 17. Rd1 Bb5 18. Qxc7 Ba4 19. g4 Bxd1 20. Bg2 Bf6 21. g5 Bxd4 22. Nxd4 Qxd4 23. Kxd1 Nc3+ 24. Kc2 Rxa3 25. Bc1 Ra2+ 26. Bb2 Qb4 27. Kd3 Qxb2 28. Ke3 Qxe2+ 29. Kf4 Qxf2+ 30. Bf3 Ra4+ 31. Ke5 Qg3# 0-1

[Event "CYCC U14"]
[Site "Ottawa CAN"]
[Date "2013.07.12"]
[Round "5"]
[White "Doknjas, John"]
[Black "Lin, Alex"]
[Result "1-0"]
[WhiteElo "2065"]
[BlackElo "1809"]
[PlyCount "95"]
[GameId "2160767909334827"]
[EventDate "2013.07.10"]
[EventType "swiss"]
[EventRounds "6"]
[EventCountry "CAN"]
[SourceTitle "EXT 2022"]
[Source "ChessBase"]
[SourceDate "2021.10.06"]
[SourceVersion "1"]
[SourceVersionDate "2021.10.06"]
[SourceQuality "1"]

1. d4 d5 2. c4 e6 3. Nc3 Be7 4. Nf3 Nf6 5. Bg5 Nbd7 6. e3 O-O 7. Bd3 Re8 8. O-O c6 9. Qc2 Nf8 10. cxd5 exd5 11. Rab1 Ng6 12. Ne5 Ne4 13. Bxe7 Qxe7 14. Nxg6 hxg6 15. Bxe4 dxe4 16. b4 Bf5 17. Na4 Qg5 18. Kh1 Qh5 19. b5 cxb5 20. Rxb5 b6 21. Rc1 Rac8 22. Qxc8 Rxc8 23. Rxc8+ Bxc8 24. Rxh5 gxh5 25. Nc3 f5 26. h4 Bd7 27. Kh2 Kf7 28. Kg3 Bc6 29. Kf4 Kf6 30. f3 Ke6 31. fxe4 fxe4 32. Nxe4 a5 33. g3 g6 34. Nd2 Kd5 35. g4 Bd7 36. gxh5 gxh5 37. Nf3 b5 38. e4+ Kd6 39. Ke3 b4 40. Nd2 Bb5 41. d5 Ke5 42. Nf3+ Kf6 43. Nd2 Ke5 44. Nf3+ Kd6 45. Kd4 Be2 46. Nd2 Bd1 47. Nc4+ Kd7 48. Nxa5 1-0

[Event "CYCC U14"]
[Site "Ottawa CAN"]
[Date "2013.07.12"]
[Round "5"]
[White "Gariaev, Gleb"]
[Black "Lee, Nicholas"]
[Result "1/2-1/2"]
[WhiteElo "1199"]
[BlackElo "1750"]
[PlyCount "94"]
[GameId "2160767909334828"]
[EventDate "2013.07.10"]
[EventType "swiss"]
[EventRounds "6"]
[EventCountry "CAN"]
[SourceTitle "hb 2013"]

1. e4 e5 2. Nf3 Nc6 3. Bc4 Nf6 4. Nc3 Bc5 5. d3 d6 6. Bg5 Bg4 7. h3 Bh5 8. g4 Bg6 9. Nd5 h6 10. Bxf6 gxf6 11. Qe2 Nb4 12. Nxb4 Bxb4+ 13. Nd2 Qd7 14. c3 Bc5 15. Nb3 Bb6 16. d4 O-O-O 17. d5 h5 18. f3 hxg4 19. fxg4 Rh4 20. Bd3 Rdh8 21. Qf3 Qd8 22. Nd2 Qf8 23. O-O-O Qh6 24. Bf1 Be3 25. Kc2 Bf4 26. Nb3 Qh7 27. Re1 Qh6 28. c4 b6 29. Nc1 Bxc1 30. Rxc1 Kd7 31. Re1 Ke7 32. Kd3 c6 33. Re2 cxd5 34. cxd5 Rc8 35. Rc2 Qh8 36. Bg2 Rxc2 37. Kxc2 Qc8+ 38. Kb3 b5 39. Qc3 Qxc3+ 40. Kxc3 Rh8 41. Rc1 Kd7 42. Kb4 Rb8 43. a3 Rb6 44. Bf3 Bh7 45. h4 Bg6 46. g5 fxg5 47. hxg5 Ra6 1/2-1/2

[Event "CYCC U14"]
[Site "Ottawa CAN"]
[Date "2013.07.12"]
[Round "5"]
[White "Graif, William"]
[Black "Cao, Jason"]
[Result "0-1"]
[WhiteElo "2096"]
[BlackElo "2239"]
[PlyCount "94"]
[GameId "2160767909334829"]
[EventDate "2013.07.10"]
[EventType "swiss"]
[EventRounds "6"]
[EventCountry "CAN"]
[SourceTitle "hb 2013"]

1. d4 Nf6 2. c4 e6 3. Nc3 Bb4 4. Nf3 b6 5. Bg5 Bb7 6. e3 h6 7. Bxf6 Qxf6 8. Bd3 Bxc3+ 9. bxc3 O-O 10. O-O d6 11. Nd2 c5 12. f4 Re8 13. Qg4 Nd7 14. f5 Qe7 15. fxe6 Qxe6 16. Qxe6 Rxe6 17. Bf5 Re7 18. Bxd7 Rxd7 19. e4 Re7 20. d5 Rf8 21. g4 Bc8 22. Rf4 f6 23. Raf1 Ref7 24. Re1 g5 25. Rf5 Re7 26. Kf2 Bxf5 27. exf5 Rxe1 28. Kxe1 Re8+ 29. Kf2 Kf7 30. a4 a6 31. h3 Re7 32. Nb1 h5 33. Nd2 hxg4 34. hxg4 Re8 35. Nf1 Rb8 36. Ne3 b5 37. cxb5 axb5 38. axb5 Rxb5 39. c4 Rb2+ 40. Kf3 Rd2 41. Ke4 Rd4+ 42. Kf3 Ke7 43. Ke2 Kd7 44. Kf3 Kc7 45. Kf2 Kb6 46. Kf3 Ka5 47. Nf1 Rf4+ 0-1

[Event "CYCC U14"]
[Site "Ottawa CAN"]
[Date "2013.07.12"]
[Round "5"]
[White "Kong, Aaron"]
[Black "Wang, Edward"]
[Result "0-1"]
[WhiteElo "998"]
[BlackElo "1303"]
[PlyCount "162"]
[GameId "2160767909334831"]
[EventDate "2013.07.10"]
[EventType "swiss"]
[EventRounds "6"]
[EventCountry "CAN"]
[SourceTitle "hb 2013"]

1. e4 c6 2. c4 e6 3. d4 d5 4. cxd5 cxd5 5. exd5 exd5 6. Nf3 Nf6 7. Be2 Bb4+ 8. Bd2 Nc6 9. O-O O-O 10. a3 Bd6 11. Re1 Be6 12. Nc3 Qb6 13. Na4 Qd8 14. b4 Ne4 15. Nc5 Qe7 16. g3 b6 17. Na6 Qb7 18. b5 Nxd2 19. Qxd2 Na5 20. Qb2 Nc4 21. Qb3 Rac8 22. Nb4 f6 23. Nc6 a6 24. a4 a5 25. Qc3 Qf7 26. Rac1 Na3 27. Qb2 Nc4 28. Qc3 Ba3 29. Rc2 Bd6 30. Rcc1 Rxc6 31. bxc6 Bb4 32. Qc2 Bxe1 33. Rxe1 Rc8 34. Bxc4 dxc4 35. Rc1 Bd5 36. Nd2 Rxc6 37. Qc3 Rc8 38. Nf1 Re8 39. Ne3 Rc8 40. Nxd5 Qxd5 41. Rb1 Qc6 42. Rb5 Rd8 43. h3 Rd5 44. Rxd5 Qxd5 45. Qe3 h6 46. Qc3 Qc6 47. Qc2 Qe6 48. Qa2 Qe1+ 49. Kg2 Qe4+ 50. Kf1 Qxd4 51. Ke1 Kh7 52. Qc2+ Qd3 53. Qxd3+ cxd3 54. Kd2 Kg6 55. Kxd3 Kf5 56. f3 b5 57. axb5 Ke5 58. Kc4 Kd6 59. f4 f5 60. Kb3 Kc5 61. Ka4 Kb6 62. g4 g6 63. h4 fxg4 64. h5 g3 65. hxg6 g2 66. f5 g1=Q 67. Kb3 Qd4 68. Kc2 Kxb5 69. f6 Qxf6 70. g7 Qxg7 71. Kd3 Qe5 72. Kc2 Qd5 73. Kb2 h5 74. Ka3 Qc4 75. Kb2 Qd3 76. Kc1 Qe2 77. Kb1 Qd2 78. Ka1 h4 79. Kb1 h3 80. Ka1 h2 81. Kb1 h1=R# 0-1

[Event "CYCC U14"]
[Site "Ottawa CAN"]
[Date "2013.07.12"]
[Round "5"]
[White "Kuttner, Simon"]
[Black "Yang, Ryan2"]
[Result "0-1"]
[WhiteElo "1877"]
[BlackElo "1866"]
[PlyCount "111"]
[GameId "2160767909334832"]
[EventDate "2013.07.10"]
[EventType "swiss"]
[EventRounds "6"]
[EventCountry "CAN"]
[SourceTitle "hb 2013"]

1. e4 c5 2. Nc3 Nc6 3. Nge2 g6 4. d4 cxd4 5. Nxd4 Bg7 6. Be3 d6 7. Be2 Nf6 8. Nb3 O-O 9. f4 e5 10. O-O Re8 11. fxe5 Nxe5 12. Bb5 Nc6 13. Bc4 Be6 14. Bxe6 Rxe6 15. Bg5 Qb6+ 16. Kh1 Nxe4 17. Nxe4 Rxe4 18. Qxd6 Re5 19. Qd2 Rae8 20. Bf6 Re2 21. Qc3 Bxf6 22. Rxf6 Qe3 23. Qxe3 R8xe3 24. Raf1 Nd8 25. Rd6 Re8 26. Rd2 Rxd2 27. Nxd2 Re2 28. Rd1 Nc6 29. Kg1 Nb4 30. Kf1 Re5 31. Nf3 Re7 32. c3 Nc2 33. Rd2 Ne3+ 34. Kf2 Ng4+ 35. Kg3 f5 36. h3 Nf6 37. Rd8+ Kg7 38. Nd2 Re2 39. Kf3 Re6 40. Rd4 Ra6 41. a4 Rb6 42. b4 Rc6 43. c4 b6 44. g3 Kf7 45. b5 Rc7 46. Nb3 Nd7 47. Nd2 Ke6 48. Ke3 Nc5 49. Nf3 h6 50. Ke2 Nxa4 51. Kd3 Nc5+ 52. Kc2 g5 53. h4 g4 54. Ng1 Rd7 55. Rf4 Ne4 56. Rf2 0-1

[Event "CYCC U14"]
[Site "Ottawa CAN"]
[Date "2013.07.12"]
[Round "5"]
[White "Mainville, Yanic"]
[Black "Godbout, Gordan"]
[Result "0-1"]
[WhiteElo "905"]
[BlackElo "615"]
[PlyCount "150"]
[GameId "2160767909334833"]
[EventDate "2013.07.10"]
[EventType "swiss"]
[EventRounds "6"]
[EventCountry "CAN"]
[SourceTitle "hb 2013"]

1. e4 Nh6 2. d4 b6 3. Nc3 Nc6 4. Nf3 g6 5. Bc4 e6 6. Bf4 Na5 7. Bd3 Ng4 8. O-O Bg7 9. h3 Nf6 10. Bg5 O-O 11. Qd2 Nc6 12. d5 h6 13. Bh4 g5 14. Bg3 Nh5 15. Bh2 Nb8 16. e5 Ba6 17. Nb5 c6 18. dxc6 dxc6 19. Qe3 cxb5 20. Qe4 f5 21. exf6 Nxf6 22. Qg6 b4 23. c4 Qe8 24. Qxe8 Rxe8 25. b3 b5 26. cxb5 Rd8 27. Bc4 Ne4 28. bxa6 Bxa1 29. Rxa1 Nc5 30. Nd4 Rxd4 31. Be2 Nbxa6 32. Be5 Rd2 33. Bf3 Nd3 34. Bg3 Rd8 35. Rb1 Rc8 36. Bb7 Rc1+ 37. Rxc1 Nxc1 38. Bxa6 Nxa2 39. Bc4 Kf7 40. h4 Rd1+ 41. Kh2 Nc3 42. hxg5 hxg5 43. Kh3 Rd4 44. Bb8 a5 45. Ba7 Rh4+ 46. Kg3 Ne4+ 47. Kf3 Rf4+ 48. Ke2 Nc3+ 49. Kd2 a4 50. g3 Re4 51. f3 Nb1+ 52. Kc2 axb3+ 53. Kxb3 Re1 54. Bc5 Na3 55. Bxb4 Re3+ 56. Bc3 Rxf3 57. Kb4 Rxg3 58. Bb2 Nc2+ 59. Ka4 g4 60. Be5 Ra3+ 61. Kb5 g3 62. Bf1 Rb3+ 63. Kc4 Rb4+ 64. Kc3 Rb1 65. Bg2 Rg1 66. Be4 Re1 67. Bxc2 Rxe5 68. Kd4 Rg5 69. Ke3 g2 70. Be4 g1=Q+ 71. Ke2 Rg3 72. Kd2 Qh2+ 73. Bg2 Qxg2+ 74. Ke1 Qh2 75. Kf1 Rg1# 0-1

[Event "CYCC U14"]
[Site "Ottawa CAN"]
[Date "2013.07.12"]
[Round "5"]
[White "Michelashvili, Alexandre"]
[Black "Zhong, Joey"]
[Result "1/2-1/2"]
[WhiteElo "1776"]
[BlackElo "2033"]
[PlyCount "39"]
[GameId "2160767909334834"]
[EventDate "2013.07.10"]
[EventType "swiss"]
[EventRounds "6"]
[EventCountry "CAN"]
[SourceTitle "hb 2013"]

1. e4 e6 2. d4 d5 3. Nc3 Nf6 4. e5 Nfd7 5. f4 c5 6. Nf3 Nc6 7. Be3 Be7 8. Be2 a6 9. a4 Qc7 10. dxc5 Nxc5 11. Nd4 Nxd4 12. Bxd4 b6 13. O-O Bb7 14. Rb1 Bc6 15. b3 Nd7 16. b4 Bb7 17. Qd2 Rc8 18. Qe3 g6 19. Bd3 Bf8 20. Qe2 1/2-1/2

[Event "CYCC U14"]
[Site "Ottawa CAN"]
[Date "2013.07.12"]
[Round "5"]
[White "Nitu, Vladimir"]
[Black "Li, Yinshi"]
[Result "0-1"]
[WhiteElo "1402"]
[BlackElo "2081"]
[PlyCount "106"]
[GameId "2160767909334836"]
[EventDate "2013.07.10"]
[EventType "swiss"]
[EventRounds "6"]
[EventCountry "CAN"]
[SourceTitle "hb 2013"]

1. d4 d5 2. Nf3 Nf6 3. c4 c6 4. Nc3 e6 5. Bg5 Be7 6. e3 Nbd7 7. Bd3 O-O 8. O-O h6 9. Bh4 dxc4 10. Bxc4 b5 11. Bd3 Bb7 12. a3 Nb6 13. Qe2 a6 14. Rfd1 Nfd5 15. Bxe7 Qxe7 16. Ne4 Nd7 17. Rac1 Rac8 18. Nc5 Nxc5 19. Rxc5 Nb6 20. Ne5 Na4 21. Rc2 c5 22. b3 Nb6 23. Qg4 cxd4 24. Qxd4 Nd5 25. Rxc8 Rxc8 26. Qb2 Nc3 27. Rd2 Qg5 28. f4 Qh4 29. Bf1 Qe1 30. Rd7 Qxe3+ 31. Qf2 Qxf2+ 32. Kxf2 Ne4+ 33. Ke3 Bd5 34. Rxf7 Rc3+ 35. Bd3 Rxb3 36. Kd4 Rxa3 37. Ra7 Ra4+ 38. Ke3 Nd6 39. Rd7 Nc4+ 40. Nxc4 Bxc4 41. Bg6 Kf8 42. Rf7+ Ke8 43. Rxg7+ Kf8 44. Rf7+ Kg8 45. Rb7 Ra2 46. Bh7+ Kh8 47. Be4 Re2+ 48. Kd4 Rxe4+ 49. Kxe4 Bd5+ 50. Ke5 Bxb7 51. Kxe6 b4 52. f5 Bc8+ 53. Ke5 Bxf5 0-1

[Event "CYCC U14"]
[Site "Ottawa CAN"]
[Date "2013.07.12"]
[Round "5"]
[White "Page, Shawn"]
[Black "Booth, Andrew"]
[Result "1-0"]
[WhiteElo "1052"]
[BlackElo "759"]
[PlyCount "53"]
[GameId "2160767909334837"]
[EventDate "2013.07.10"]
[EventType "swiss"]
[EventRounds "6"]
[EventCountry "CAN"]
[SourceTitle "hb 2013"]

1. d4 Nc6 2. d5 Ne5 3. Bf4 Ng6 4. Bg3 e5 5. Nf3 Qf6 6. e4 d6 7. Nc3 Kd8 8. Bc4 h6 9. O-O N8e7 10. h3 c6 11. dxc6 bxc6 12. Qe2 Rb8 13. b3 Rb6 14. Rad1 c5 15. Rd3 Bb7 16. Rfd1 Qf5 17. exf5 Nxf5 18. Bh2 Rb4 19. Bd5 e4 20. Nxe4 Bxd5 21. Rxd5 a5 22. Nxd6 Nf4 23. Bxf4 Rxf4 24. Nxf5+ Kc7 25. Rd7+ Kb6 26. a4 Rxf5 27. Qb5# 1-0

[Event "CYCC U14"]
[Site "Ottawa CAN"]
[Date "2013.07.12"]
[Round "5"]
[White "Xi, Jason"]
[Black "Forsyth, Dane"]
[Result "0-1"]
[WhiteElo "1293"]
[BlackElo "1028"]
[PlyCount "98"]
[GameId "2160767909334838"]
[EventDate "2013.07.10"]
[EventType "swiss"]
[EventRounds "6"]
[EventCountry "CAN"]
[SourceTitle "hb 2013"]

1. e4 c5 2. Nf3 d6 3. d4 cxd4 4. Nxd4 e5 5. Bb5+ Bd7 6. Bxd7+ Qxd7 7. Nf3 Nf6 8. Nc3 a6 9. Nd5 Nxd5 10. Qxd5 h6 11. Be3 Nc6 12. O-O Be7 13. Rad1 Qe6 14. Qxe6 fxe6 15. a3 O-O 16. Bb6 Rac8 17. c3 Rf6 18. h3 Rg6 19. Nh2 Nd8 20. f4 Nf7 21. f5 exf5 22. Rxf5 Ng5 23. Re1 Rc4 24. Ng4 Rxe4 25. Ref1 h5 26. Nf2 Re2 27. Rb1 d5 28. Bc7 Bc5 29. Kf1 Rxf2+ 30. Rxf2 Bxf2 31. Kxf2 e4 32. Rd1 Rf6+ 33. Ke3 Rf5 34. Rd4 Ne6 35. Bb6 Nxd4 36. Bxd4 g5 37. b3 Kf7 38. a4 Ke7 39. a5 Kd6 40. b4 Kc6 41. Ke2 Kb5 42. Ke1 Kc4 43. Ke2 g4 44. h4 g3 45. Ke1 Rf4 46. Ke2 Rxh4 47. Ke3 Rh1 48. Kf4 h4 49. Ke3 Rg1 0-1

[Event "CYCC U14"]
[Site "Ottawa CAN"]
[Date "2013.07.12"]
[Round "5"]
[White "Yu, Robin"]
[Black "Shi, Diwen"]
[Result "1/2-1/2"]
[WhiteElo "1751"]
[BlackElo "2030"]
[PlyCount "55"]
[GameId "2160767909334840"]
[EventDate "2013.07.10"]
[EventType "swiss"]
[EventRounds "6"]
[EventCountry "CAN"]
[SourceTitle "hb 2013"]

1. d4 Nf6 2. c4 c5 3. d5 e6 4. Nc3 exd5 5. cxd5 d6 6. e4 g6 7. h3 Bg7 8. Nf3 O-O 9. Bd3 a6 10. a4 Re8 11. O-O Nbd7 12. Bf4 Qe7 13. Re1 Nh5 14. Bh2 Ne5 15. Be2 Nxf3+ 16. Bxf3 Be5 17. Bxh5 Bxh2+ 18. Kxh2 Qe5+ 19. g3 gxh5 20. f4 Qd4 21. Qxh5 Qf2+ 22. Kh1 Qxb2 23. e5 Qxc3 24. Qg5+ Kh8 25. Qf6+ Kg8 26. Qg5+ Kf8 27. Qh6+ Kg8 28. Qg5+ 1/2-1/2

[Event "CYCC U14"]
[Site "Ottawa CAN"]
[Date "2013.07.12"]
[Round "5"]
[White "Yu, Wenlu"]
[Black "Ye, Hanyuan"]
[Result "1-0"]
[WhiteElo "2032"]
[BlackElo "1750"]
[PlyCount "69"]
[GameId "2160767909334841"]
[EventDate "2013.07.10"]
[EventType "swiss"]
[EventRounds "6"]
[EventCountry "CAN"]
[SourceTitle "hb 2013"]

1. e4 e6 2. d4 d5 3. Nc3 Nf6 4. exd5 Nxd5 5. Nf3 Be7 6. Bd3 c5 7. Ne2 Nc6 8. c3 cxd4 9. Nfxd4 Bd7 10. O-O O-O 11. Qc2 h6 12. a3 a6 13. Nxc6 Bxc6 14. Nd4 Qc7 15. Nxc6 Qxc6 16. c4 Rac8 17. Qe2 Nb6 18. b3 Bf6 19. Rb1 Nd7 20. Be4 Qc7 21. Be3 b6 22. Rfd1 Nc5 23. Bc2 Qc6 24. Qg4 Kh8 25. Qh3 Ne4 26. Bxe4 Qxe4 27. Bxb6 Be7 28. Qc3 Bxa3 29. b4 Rxc4 30. Qxa3 Rb8 31. Ba5 Rbc8 32. Qd3 Qf4 33. Qe3 Qf5 34. Rbc1 Qd5 35. Re1 1-0